| 000 | 00477nam a2200181Ia 4500 | ||
|---|---|---|---|
| 001 | 4956 | ||
| 005 | 20260306145832.0 | ||
| 008 | 260306t2002||||xx |||||||||||||| ||spa|| | ||
| 041 | _aESP | ||
| 082 |
_a332.0985 _bN25 |
||
| 100 |
_aNaranjo, Martín _eAUT |
||
| 245 | 0 |
_aProvisiones bancarias dinámicas: _bevaluación de su viabilidad para el caso peruano |
|
| 260 | _c2002 | ||
| 300 |
_a60 páginas : _c21 cm. |
||
| 650 | _aGEN | ||
| 654 | _aCAN | ||
| 942 |
_cLIB _dJUS _fJUS _2ddc _n |
||
| 999 |
_c4956 _d4956 |
||